| 000 | 00984cam a2200229 4500 | ||
|---|---|---|---|
| 001 | WB4037-18 | ||
| 008 | 040928n2004 000 0 eng u | ||
| 035 | _a(Sirsi) u127536 | ||
| 245 | _aAssociation calls for reform of finance | ||
| 260 | _c2004 | ||
| 490 |
_aPlanning (for the Natural and Built Environment) _v24 September 2004, 1(1) |
||
| 520 | _aA report by the Town and Country Planning Association, 'Towards land value taxation for local government' argues that splitting the business rate would allow an element to be retained to boost development in regeneration areas. A system of local finance could be developed to reinforce private investment as the local taxation system is too centralised at present. | ||
| 590 | _aWB | ||
| 590 | _aWB | ||
| 650 | _aTOWN AND COUNTRY PLANNING ASSOCIATION | ||
| 650 | _aREGENERATION | ||
| 650 | _aLOCAL GOVERNMENT | ||
| 650 | _aPRIVATE INVESTMENT | ||
| 650 | _aSUSTAINABLE COMMUNITIES | ||
| 690 | _aTAXATION | ||
| 942 | _n0 | ||
| 999 |
_c118064 _d118064 |
||